Brock: biología de los microorganismos
Պահպանված է:
| Հիմնական հեղինակ: | |
|---|---|
| Այլ հեղինակներ: | , |
| Ձևաչափ: | Գիրք |
| Լեզու: | իսպաներեն |
| Հրապարակվել է: |
Madrid
Prentice Hall
1998
|
| Հրատարակություն: | Octava edición |
| Խորագրեր: | |
| Ցուցիչներ: |
Ավելացրեք ցուցիչ
Չկան պիտակներ, Եղեք առաջինը, ով նշում է այս գրառումը!
|
MARC
| LEADER | 00000nam a2200000 a 4500 | ||
|---|---|---|---|
| 001 | UCL7219 | ||
| 003 | CL-VaPUC | ||
| 005 | 20240910094027.0 | ||
| 008 | 040507e19980000SP |||||||||||||||||spa|d | ||
| 999 | |c 309069 |d 309067 | ||
| 020 | |a 8489660360 | ||
| 040 | |c Pontificia Universidad Católica de Valparaíso | ||
| 082 | 0 | 4 | |a 576 MAD 1998 |2 21 |
| 100 | |a Madigan, Michael T. |e autor |9 611992 | ||
| 245 | 1 | 0 | |a Brock: biología de los microorganismos |
| 250 | |a Octava edición | ||
| 260 | |a Madrid |b Prentice Hall |c 1998 | ||
| 300 | |a 1064 páginas | ||
| 583 | |a last modification |c 20040507 00:00:00 |k Rodrigo Vera | ||
| 650 | 0 | |a Microbiología |x Biología celular |9 259706 | |
| 650 | 0 | |a Virología |9 373264 | |
| 650 | 0 | |a Biotecnología |9 341055 | |
| 650 | 0 | |a Metabolismo microbiano |9 259434 | |
| 650 | 0 | |a Inmunología |x Epidemiología |9 259893 | |
| 700 | 0 | |a Martinko, John M |9 485051 | |
| 700 | 0 | |a Parker, Jack |9 485052 | |
| 942 | |c BK |2 ddc | ||
| 945 | |d 20040507 00:00:00 |a cmena | ||
| 952 | |0 0 |1 0 |2 ddc |4 0 |6 576_000000000000000_MAD_1998 |7 0 |8 A |9 376167 |a BIBCUR |b BIBCUR |d 2019-11-21 |i 2111411 |l 5 |m 2 |o 576 MAD 1998 |p 2111411 |r 2025-05-08 |s 2025-05-08 |t 2 |w 2019-11-21 |y BK |k BIO | ||